| Tag |
First Indicator |
Second Indicator |
Subfields |
| LEADER |
00000cam a2200000 4500 |
| 001 |
in00000046654 |
| 005 |
20151007073329.0 |
| 008 |
720725s1941 pauacf 00010 eng u |
| 010 |
|
|
|a 41025676
|
| 035 |
|
|
|a (OCoLC)00364356
|
| 035 |
|
|
|9 AAE9529AM
|
| 040 |
|
|
|c KSU
|d TXA
|d UtOrBLW
|
| 049 |
|
|
|a TXAM
|c [118200]
|
| 050 |
|
0 |
|a QL795.M7
|b H6
|
| 092 |
|
|
|a 599.82
|b H869t
|
| 100 |
1 |
|
|a Hoyt, Augusta Maria Daurer,
|d 1903-
|
| 245 |
1 |
0 |
|a Toto and I ;
|b a gorilla in the family /
|c by A. Maria Hoyt (Mrs. E. Kenneth Hoyt) 38 illustrations. Introduction by Roger Conant.
|
| 264 |
|
1 |
|a Philadelphia,
|a New York :
|b J. B. Lippincott company,
|c [1941]
|
| 264 |
|
4 |
|c [©1941]
|
| 300 |
|
|
|a xxiv, 1 unnumbered page, 237, 1 unnumbered page :
|b frontispiece, illustrations, plates, portraits ;
|c 22 cm.
|
| 336 |
|
|
|a text
|b txt
|2 rdacontent
|
| 337 |
|
|
|a unmediated
|b n
|2 rdamedia
|
| 338 |
|
|
|a volume
|b nc
|2 rdacarrier
|
| 500 |
|
|
|a Illustrated lining-papers.
|
| 650 |
|
0 |
|a Gorilla.
|
| 999 |
|
|
|a MARS
|
| 999 |
f |
f |
|s 1a80f996-a9c4-367c-b877-28a8ec8eae22
|i 88f40254-7aa0-3caa-9928-6f218135a257
|t 0
|
| 952 |
f |
f |
|p ric
|a Texas A&M University
|b Rellis Campus
|c Joint Library Facility
|d Remote Storage
|t 0
|e QL795.M7 H6
|h Library of Congress classification
|i unmediated -- volume
|m A14801026446
|
| 998 |
f |
f |
|a QL795.M7 H6
|t 0
|l Remote Storage
|